Statistics for Daniel Facts

Click here to take the quiz!

General Stats

  • This quiz has been taken 13 times
  • The average score is 13 of 19

Answer Stats

HintAnswer% Correct
What North Korean leader's name is also a nickname for friend?Kim Jong Un
100%
How old did Daniel turn in 2020?24
82%
What is the opposite of less money?More Money
82%
Who won the 2020 presidential election?Trump
82%
How many cranberries did Keegan eat?a ton
73%
How often should Christmas be celebrated?every other year
73%
Besides English, what language is Daniel fluent in?French
73%
If you need to ask Mari something, you should begin the question with:Mary Did You Know
73%
What does "Plateau de fruits de mer" mean?Seafood Platter
73%
What is the best thing to exclaimSink Me!
73%
What car should you buy?4runner
64%
Marriage isn't necessary for Daniel, if he owns a:bulldozer
64%
Name two exciting things are in Papua New Guinea:Gold
64%
In Daniel's world, CPR stands for:Chimney Peak Ranch
55%
and:Dinosaurs
55%
What general area in Colorado is the best it has to offer?Southwestern Colorado
55%
What's the hardest part of a dinosaur to drawlegs / arms
45%
Daniel's favorite palate cleanser, especially good for relief from sweetspickle juice
45%
What's a great place nearby to be see evidence of the flood and dinosaursDinosaur Ridge
36%

Score Distribution

Percentile by Number Answered

Percent of People with Each Score

Your Score History

You have not taken this quiz